000 00919nam a22002655i 4500
001 169192
003 ES-MaACL
005 20230906214025.0
008 080821s2000 sp |||| | spa d
017 _aB-11.048-2000
020 _a84-7664-680-1
080 _a748.5.033/.034(083.824)
245 0 3 _aEl vitrall
_b: l'art del color i de la llum = La vidriera : el arte del color y de la luz.
260 _aBarcelona :
_bFundació "la Caixa",
_c2000.
300 _a36 p. :
_bprincipalmente il. col. ;
_c21 x 21 cm.
500 _aExposición itinerante.
546 _aTextos en catalán y castellano.
650 1 4 _aVidrieras-
_vExposiciones.
_9138256
655 7 _2tgfbne
_9193628
_aCatálogos de exposiciones
710 2 _aFundació "la Caixa"
_9173255
740 0 _aLa vidriera : el arte del color y de la luz.
852 4 _aES-MaACL
_jL-29550
_9R.143110
942 _2udc
999 _c169192
_d169192